|
|
|
|
| LEADER |
00000nab#a22000007a#4500 |
| 001 |
arbauad001754 |
| 003 |
AR-BaUAD |
| 005 |
20250711110449.0 |
| 008 |
930727|||||||||###||||||b###|0###a|spa|| |
| 040 |
|
|
|a AR-BaUAD
|c AR-BaUAD
|b spa
|
| 100 |
|
|
|a Halas, John
|
| 245 |
|
|
|a Zagreb'78 :
|b [Festival internacional del dibujo animado] /
|c John Halas;
|
| 300 |
0 |
|
|b il., fot.
|
| 653 |
|
|
|a CINE
|
| 653 |
|
|
|a FESTIVALES
|
| 653 |
|
|
|a FESTIVAL INTERNACIONAL DEL DIBUJO ANIMADO
|
| 653 |
|
|
|a CINE DE ANIMACION
|
| 653 |
|
|
|a ANIMACION
|
| 773 |
0 |
|
|t NOVUM
|g [nov. 1978], p. 30-38
|
| 942 |
|
|
|c ARTI
|
| 952 |
|
|
|0 0
|1 0
|4 0
|7 0
|9 46674
|a AR-BAuAD
|b AR-BAuAD
|d 2025-07-11
|l 0
|p AAQA001754
|r 2025-07-11 11:04:49
|w 2025-07-11
|y ARTI
|
| 990 |
|
|
|a C197
|b TD
|
| 990 |
|
|
|a DG197
|b TD
|
| 998 |
|
|
|a AAQ
|b BIBUN76
|
| 999 |
|
|
|c 26347
|d 26347
|